000 00666nam a2200193 a 4500
001 000032555
005 20200930065714.0
008 110719s2005 dr 000 0 spa d
040 _aDO-SdBNP
_bspa
_cBNPHU
082 _axxxx
_bP644u
100 1 _aPimentel, Raynelda
_958489
245 1 4 _aUna nueva perspectiva de la administración. /
_cRaynelda Pimentel, Roberto Porluondo.
260 _aSanto Domingo :
_bUNAPEC,
_c2005.
300 _a25 p. ;
_c23 cm.
490 1 _aUNAPEC por un mundo mejor.
_aAdministración ;
_v1 ;
590 _aInventariado, 2019/ YL
700 1 _aPorluondo, Roberto
_958480
830 0 _aUNAPEC por un mundo mejor.
_pAdministración
_v1
_958490
999 _c32046
_d32046